000 00676nam a2200193Ia 4500
003 GCL
008 140319s9999 xx 000 0 ara d
020 _a6255040977
040 _aGCL /
_cGCL
082 0 4 _a025.175
_bم د
100 1 _aمصطفى ابوشعيشع
245 1 0 _aدراسات فى الوثائق ومراكز المعلومات والوثائقة /
_cمصطفى ابوشعيشع
260 _aالقاهرة :
_bالعربى للنشر والتوزيع ،
_c1994
300 _a134 ص ؛
_c24 سم
490 _aدراسات فى الكتب والمعلومات
_v0
650 0 4 _aمراكز التوثيق
650 0 4 _aالمكتبات
942 _2ddc
_cBK
999 _c59085
_d59085